000 01524nam0a22003251 4500
001 RU\NLR\INFOCOMM_223\5000057892
005 20250613101148.0
035 _a(NLR Aleph) 009373163
090 _a7935034
_c7935034
100 _a20101210d1985 |||y0rusy50 ca
101 0 _aeng
102 _aRU
105 _aa ||||000|y
200 1 _aPossibility of the experimental investigation of the QCD pomeron in semihard processes at the γγ collisions
_fI. F. Ginzburg, S. L. Panfil a. V. G. Serbo
210 _aНовосибирск
_cИн-т математики СО АН СССР
_d1985
215 _a41 с.
_cил.
_d20 см
225 1 _aПрепринт
_fАкад. наук СССР. Сиб. отд-ние. Ин-т математики
_vТФ N 26 (139)
300 _aВ вып. дан.: Возможности экспериментального изучения КХД померона в полужестких процессах при γγ-соударениях / И. Ф. Гинзбург, С. Л. Панфиль, В. Г. Сербо
320 _aБиблиогр.: с. 36
606 _aКвантовая хромодинамика
_2nlr_sh1
686 _aВ382.145
_2rubbk
700 1 _aGinzburg
_bI. F.
_gIl'ja Fajzil'evič
_4070
701 1 _9z01790
_aPanfil'
_bS. L.
_gSemen Leonidovič
_4070
701 1 _aSerbo
_bV. G.
_gValerij Georgievič
_4070
790 1 _9z01701
_aPanfil
_bS. L.
_4070
801 1 _aRU
_bNLR
_c20101210
801 0 _aRU
_bNLR
_gPSBO
852 _aNLR
_jФз01 Д-4/3072
942 _cBOOK
980 _aNB